Modern-Day Countries of the Han Dynasty on a Map - Statistics

General Stats
  • This quiz has been taken 2,363 times
  • The average score is 10 of 10
Answers on the Map
Answers color-coded by a green-red scale on the quiz's map according to % correct below.
 
Answer Stats
Country % Correct
China
100%
Mongolia
99%
North Korea
99%
South Korea
99%
Laos
98%
Vietnam
98%
Thailand
97%
Myanmar (Burma)
96%
Tajikistan
91%
Kyrgyzstan
90%
No matching quizzes found
Score Distribution
Percent of People with Each Score
Percentile by Number Answered
Your Score History
You have not taken this quiz